000 00365nam a2200157Ia 4500
005 20240807062057.0
008 240806s9999||||xx |||||||||||||| ||eng||
041 _aeng
082 _a891.4309
_bANAS
100 _aAnamika
245 0 _aStri vimarsh ka lok paksh /
_cAnamika
260 _bVani Prakashan
300 _a240
650 _aGeneral Studies
942 _cBK
999 _c7706
_d7706